| 000 -Etiqueta do registo | |
|---|---|
| campo de controlo de comprimento fixo | 005750000a22001930004500 |
| 001 - Identificador do registo | |
| Campo de controlo | 9571 |
| 010 ## - ISBN | |
| Número (ISBN) | 972-97865-9-3 |
| 100 ## - Dados Gerais de Proc. | |
| Dados gerais de processamento | 20020408d1999 k y0pory5003 ba |
| 101 0# - Língua da publicação | |
| Língua do texto, banda sonora, etc. | Português |
| 102 ## - País de Publicação | |
| País de publicação | Macau |
| 200 1# - Título | |
| Título próprio | Guia de história de Macau |
| Informação de outro título | 1500 - 1900 |
| Primeira menção de responsabilidade | Rui Manuel Loureiro |
| 210 ## - Publicação, Distribuição | |
| Lugar da edição, distribuição, etc. | Macau |
| Nome do editor, distribuidor, etc. | CTMCDP |
| Data da publicação, distribuição, etc. | 1999 |
| 215 ## - Descrição física | |
| Descrição física | 294 p. |
| 675 ## - CDU | |
| Notação | 94(512.318)(036) |
| Edição | BN |
| Língua da edição | Português |
| 675 ## - CDU | |
| Notação | 930.255 |
| Edição | BN |
| Língua da edição | Português |
| 700 #1 - Responsabilidade principal | |
| Koha Internal Code | 28560 |
| Palavra de ordem | Loureiro |
| Outra parte do nome | Rui Manuel |
| 090 ## - Números de controlo do sistema (Koha) | |
| Número biblioitem do Koha (gerado automaticamente) | 9571 |
| 942 ## - Elementos de entrada adicionados (Koha) | |
| Tipo de item no Koha | Monografias |
| Suprimido | Disponível no OPAC |
| 999 ## - Campo local | |
| Campo local | 9571 |
| Removido (estado) | Perdido (estado) | Data de aquisição | Origem do registo (biblioteca) (codificado) | Código da organização que empresta ou é detentora (biblioteca) | Código de barras | Local | Número de inventário | Cota | Tipo de circulação (não pode ser emprestado) | Tipo de item e material |
|---|---|---|---|---|---|---|---|---|---|---|
| Disponível | Disponível | 2002-04-08 | Biblioteca Municipal Álvaro de Campos | Biblioteca Municipal Álvaro de Campos | BMTAV24245 | Depósito | 24245 | GA11 LOU-D | Normal | Monografias |